Welcome to the Holygrace Academy Library

Please use search bar below to get started

SOME GREAT MATHEMATICIANS OF THE WORLD (Record no. 6755)

MARC details
000 -LEADER
fixed length control field 00292nam a22001217a 4500
082 ## - DEWEY DECIMAL CLASSIFICATION NUMBER
Classification number 920
Item number SHR/S
100 ## - MAIN ENTRY--AUTHOR NAME
Personal name SHREEDHARAN, PALLIYARA
245 ## - TITLE STATEMENT
Title SOME GREAT MATHEMATICIANS OF THE WORLD
260 ## - PUBLICATION, DISTRIBUTION, ETC. (IMPRINT)
Place of publication CALICUT
Name of publisher ST.JUDE BOOKS
300 ## - PHYSICAL DESCRIPTION
Number of Pages 232
650 ## - SUBJECT ADDED ENTRY--TOPICAL TERM
Topical Term MATHEMATICIANS
Geographic subdivision CALICUT
942 ## - ADDED ENTRY ELEMENTS (KOHA)
Koha item type Books
Holdings
Withdrawn status Lost status Collection code Home library Current library Shelving location Date acquired Source of acquisition Full call number Accession Number Koha item type
    Reference Main Library Main Library SHELF-17-L-BIOGRAPHIES & AUTOBIOGRAPHIES 10/03/2006 PURCHASE 920 SHR/S 02270 Books